00427nam a2200157Ia 450000500170000000800460001703700130006304000200007604100130009608400250010910000170013424500410015126000480019230000160024036500130025620250508165556.0008 250505s9999 xx 000 0 eng d aTextBook aFEDLbengcFEDL aeng2eng a370.192, FRE/RqFEDL aFreire Paulo 0aEducation for critical consciousness aNew Delhi, IndiabBloomsbury Academicc1974 axvii, 145p. aINRb599